[Event "SW Autumn"]
[Site "?"]
[Date "2022.10.15"]
[Round "2"]
[White "Parri, Deio"]
[Black "Smith, Ellison"]
[Result "0-1"]
[WhiteElo "1632"]
[BlackElo "1420"]
[PlyCount "178"]
[EventDate "2022.??.??"]

1. d4 d5 2. c4 e6 3. Nc3 Nf6 4. Nf3 c6 5. e3 Nbd7 6. Bd3 dxc4 7. Bxc4 b5 8. Bd3 Bb7 9. O-O a6 10. e4 c5 11. d5 exd5 12. exd5 Nxd5 13. Nxd5 Bxd5 14. Bxb5 Bxf3 15. Bxd7+ Qxd7 16. Qxf3 Ra7 17. Bg5 f6 18. Rad1 Qb7 19. Qd3 Be7 20. Bc1 O-O 21. Qc4+ Kh8 22. b3 Qc6 23. Rfe1 Bd6 24. Re6 Rd7 25. Rde1 Qc8 26. Qe2 Rdd8 27. Bb2 a5 28. h4 Bc7 29. h5 h6 30. Rd1 Bh2+ 31. Kh1 Rxd1+ 32. Qxd1 Bf4 33. Qe2 Qd8 34. Bc3 Bc7 35. g3 Qd5+ 36. Kg1 Be5 37. Rxe5 fxe5 38. Bxa5 e4 39. Bc3 Qd3 40. Qxd3 exd3 41. Kf1 Rf5 42. a4 Rxh5 43. a5 Rd5 44. Ke1 Kg8 45. a6 Rd6 46. Kd2 Rxa6 47. Kxd3 Ra3 48. Kc4 Kf7 49. Kxc5 Rxb3 50. Kd4 g6 51. Bd2 h5 52. Be3 Ke6 53. Ke4 Rb4+ 54. Kf3 Kf5 55. Bd2 Rb3+ 56. Be3 g5 57. Kg2 Kg4 58. Ba7 Rb2 59. Be3 Rb3 60. Ba7 Kf5 61. Be3 Rd3 62. Ba7 Ke4 63. Bb6 Rb3 64. Ba7 Kd3 65. Be3 Rb5 66. Ba7 Ke2 67. Be3 Rf5 68. Ba7 Kd3 69. Be3 Ke4 70. Ba7 Rb5 71. Be3 Kf5 72. Ba7 Kg4 73. Be3 Rb3 74. Bc5 h4 75. gxh4 Kxh4 76. Be3 Rb4 77. Kf3 Rc4 78. Kg2 Rg4+ 79. Kf3 Kh3 80. Bd2 Rg2 81. Be3 g4+ 82. Kf4 Rg1 83. Ba7 Rf1 84. Kg5 Ra1 85. Be3 Ra4 86. Bd2 Kg2 87. Bf4 Kf3 88. Be3 Ra5+ 89. Kf6 g3 0-1

[Event "SW Autumn"]
[Site "?"]
[Date "2022.10.15"]
[Round "1"]
[White "Penny, Liam"]
[Black "Bickford, Ben"]
[Result "1-0"]
[WhiteElo "1811"]
[BlackElo "1317"]
[PlyCount "89"]
[EventDate "2022.??.??"]

1. d4 Nf6 2. Nc3 d5 3. Bf4 Bf5 4. f3 e6 5. g4 Bg6 6. h4 h6 7. e3 Bd6 8. Nh3 h5 9. g5 Ng8 10. e4 dxe4 11. Nxe4 Bxf4 12. Nxf4 Bf5 13. Ng3 Ne7 14. Nfxh5 g6 15. Ng7+ Kf8 16. N7xf5 Nxf5 17. Nxf5 gxf5 18. Qd2 Qd6 19. O-O-O Qg3 20. Rh3 Qd6 21. Bc4 Nc6 22. f4 a6 23. h5 b5 24. Bb3 Rd8 25. c3 Na5 26. h6 Nxb3+ 27. axb3 a5 28. c4 bxc4 29. bxc4 a4 30. d5 exd5 31. Qd4 Rh7 32. cxd5 c6 33. Qxa4 cxd5 34. Rhd3 f6 35. Rxd5 Qc7+ 36. Kb1 Rc8 37. Rxf5 Rf7 38. g6 Re7 39. Qb3 Qc6 40. g7+ Rxg7 41. hxg7+ Kxg7 42. Rfd5 Rc7 43. Qd3 Rc8 44. Rd7+ Kf8 45. Qh7 1-0

[Event "SW Autumn"]
[Site "?"]
[Date "2022.10.15"]
[Round "1"]
[White "Probert, Malcolm"]
[Black "Duke, Dillan"]
[Result "0-1"]
[WhiteElo "1569"]
[BlackElo "1945"]
[PlyCount "108"]
[EventDate "2022.??.??"]

1. Nf3 Nf6 2. g3 d5 3. d4 Bf5 4. Bg2 e6 5. O-O Bd6 6. c4 c6 7. Qb3 Qc8 8. Nc3 Nbd7 9. Nd2 O-O 10. e4 dxe4 11. Ndxe4 Bc7 12. Bg5 Nxe4 13. Nxe4 e5 14. Be3 exd4 15. Bxd4 Bxe4 16. Bxe4 Be5 17. Bxe5 Nxe5 18. Qc3 Re8 19. Rfe1 Qc7 20. b3 Re7 21. Bg2 Rae8 22. Kf1 Qb6 23. h3 Qc5 24. Qe3 Qa3 25. Qc1 Qb4 26. Qd1 Kf8 27. Re2 Nxc4 28. Rxe7 Nd2+ 29. Kg1 Rxe7 30. Qh5 h6 31. Qf5 Kg8 32. Rd1 Qd6 33. Qc2 Rd7 34. Re1 Rd8 35. Rd1 Qd4 36. g4 g6 37. Be4 Rd6 38. Bg2 a5 39. a4 Kf8 40. Re1 Rf6 41. Re2 Nf3+ 42. Bxf3 Rxf3 43. Rd2 Qc3 44. Qd1 Qxb3 45. Rd8+ Kg7 46. Qd4+ Rf6 47. Qc5 Qb4 48. Qe5 Qf4 49. Qc5 Qb4 50. Qe5 Qb6 51. Rd2 g5 52. h4 gxh4 53. g5 hxg5 54. Qxg5+ Rg6 0-1

[Event "SW Autumn"]
[Site "?"]
[Date "2022.10.15"]
[Round "1"]
[White "Quinn, Peter"]
[Black "Reid, Curtis"]
[Result "1-0"]
[WhiteElo "1659"]
[BlackElo "1200"]
[PlyCount "41"]
[EventDate "2022.??.??"]

1. e4 e6 2. d3 c5 3. Nd2 Nc6 4. c3 Nf6 5. Qe2 d5 6. Ngf3 Qc7 7. g3 Bd6 8. Bg2 O-O 9. O-O b6 10. Re1 Re8 11. e5 Nxe5 12. Nxe5 Bxe5 13. Qxe5 Qxe5 14. Rxe5 Ba6 15. c4 Rad8 16. b3 Ng4 17. Re1 d4 18. h3 Nh6 19. Ne4 f6 20. Bxh6 gxh6 21. Nxf6+ 1-0

[Event "SW Autumn"]
[Site "?"]
[Date "2022.10.15"]
[Round "2"]
[White "Davies, Rhys"]
[Black "Williams, Stephen"]
[Result "1-0"]
[WhiteElo "1208"]
[BlackElo "1591"]
[PlyCount "63"]
[EventDate "2022.??.??"]

1. d4 Nf6 2. Bf4 d5 3. e3 c5 4. c4 Nc6 5. Nc3 a6 6. Nf3 dxc4 7. Bxc4 b5 8. Bb3 c4 9. Bc2 Bg4 10. h3 Bh5 11. a3 e6 12. g4 Bg6 13. g5 Nd5 14. Nxd5 Qxd5 15. Bxg6 hxg6 16. Ke2 Rc8 17. Qc2 Qf5 18. Qxf5 gxf5 19. h4 Ne7 20. Rac1 Nd5 21. Kd2 Be7 22. Ne5 O-O 23. h5 f6 24. gxf6 Bxf6 25. Rcg1 c3+ 26. bxc3 Rxc3 27. h6 Bxe5 28. Bxe5 Rxa3 29. h7+ Kf7 30. Rxg7+ Ke8 31. h8=Q Ra2+ 32. Ke1 1-0

[Event "SW Autumn"]
[Site "?"]
[Date "2022.10.15"]
[Round "2"]
[White "Thomas, Roy"]
[Black "Hatchett, Paul"]
[Result "1/2-1/2"]
[WhiteElo "1674"]
[BlackElo "1971"]
[PlyCount "128"]
[EventDate "2022.??.??"]

1. f4 b6 2. Nf3 Bb7 3. e3 g6 4. Be2 Bg7 5. O-O d6 6. d3 Nd7 7. Nc3 e6 8. a4 a6 9. Bd2 Ne7 10. Qe1 c5 11. e4 Qc7 12. Nd1 d5 13. exd5 Nxd5 14. Ng5 h6 15. Ne4 O-O 16. Qg3 Rae8 17. c3 f5 18. Nef2 Kh7 19. Nh3 Bf6 20. Ne3 Qd8 21. Nxd5 exd5 22. Qf2 Rf7 23. Rae1 b5 24. axb5 axb5 25. Bf3 Rfe7 26. Rxe7+ Rxe7 27. Re1 b4 28. Rxe7+ Qxe7 29. Qe2 Qxe2 30. Bxe2 bxc3 31. bxc3 Nb6 32. Nf2 Na4 33. Nd1 g5 34. fxg5 hxg5 35. g3 Kg6 36. Kf2 g4 37. c4 dxc4 38. dxc4 Nb6 39. Ba5 Nd7 40. Bc3 Bd4+ 41. Bxd4 cxd4 42. Nb2 Nc5 43. Nd3 Ne4+ 44. Ke1 Kf6 45. Nf4 Ke5 46. Bd3 Ng5 47. Kf2 Be4 48. c5 Nf3 49. Bb5 Nxh2 50. c6 Kd6 51. Nh5 Nf3 52. Nf6 Bxc6 53. Ne8+ Kc5 54. Bxc6 Kxc6 55. Ng7 Kd5 56. Nxf5 Ke4 57. Nd6+ Kd3 58. Ne8 Kc2 59. Nf6 Ne5 60. Ne4 Kd1 61. Nc5 d3 62. Ke3 Ke1 63. Ne4 Kf1 64. Kf4 Nf3 1/2-1/2

[Event "SW Autumn"]
[Site "?"]
[Date "2022.10.15"]
[Round "2"]
[White "Rathbone-Jones, Ifan"]
[Black "Toczek, Grzegorz"]
[Result "0-1"]
[WhiteElo "1924"]
[BlackElo "2253"]
[PlyCount "58"]
[EventDate "2022.??.??"]

1. d4 c5 2. c3 e6 3. Nf3 Nf6 4. Bf4 Qb6 5. Qc2 d5 6. e3 Bd7 7. a4 Nc6 8. a5 Qd8 9. a6 b6 10. h3 Be7 11. Na3 O-O 12. Nb5 c4 13. b3 cxb3 14. Qxb3 Na5 15. Qb2 Ne4 16. Ne5 Be8 17. f3 Bh4+ 18. g3 Nxg3 19. Rg1 Nh5+ 20. Kd1 Nxf4 21. exf4 Bf6 22. Ng4 Bxb5 23. Bxb5 Rc8 24. f5 exf5 25. Nh6+ Kh8 26. Nxf5 Qc7 27. Ne3 Qf4 28. Qf2 Bxd4 29. Qg2 Qxe3 0-1

[Event "SW Autumn"]
[Site "?"]
[Date "2022.10.15"]
[Round "1"]
[White "Rathbone-Jones, Ifan"]
[Black "Ley, Cyril"]
[Result "1-0"]
[WhiteElo "1924"]
[BlackElo "1567"]
[PlyCount "53"]
[EventDate "2022.??.??"]

1. Nf3 d5 2. c4 c6 3. d4 Bf5 4. Nc3 e6 5. Qb3 Qb6 6. Bf4 Nd7 7. e3 Ngf6 8. c5 Qxb3 9. axb3 Be7 10. b4 O-O 11. h3 h6 12. b5 Bh7 13. bxc6 bxc6 14. Ba6 Rfb8 15. Bxb8 Rxb8 16. O-O Rxb2 17. Bc8 Rc2 18. Bxd7 Nxd7 19. Rxa7 Rxc3 20. Rxd7 Bf6 21. Ne5 Bd3 22. Nxd3 Rxd3 23. Rc7 e5 24. dxe5 Bxe5 25. Rxc6 Rc3 26. Rd1 d4 27. exd4 1-0

[Event "SW Autumn"]
[Site "?"]
[Date "2022.10.15"]
[Round "2"]
[White "Reid, Curtis"]
[Black "Probert, Malcolm"]
[Result "0-1"]
[WhiteElo "1200"]
[BlackElo "1569"]
[PlyCount "62"]
[EventDate "2022.??.??"]

1. e4 c6 2. d4 d5 3. Bd3 g6 4. e5 Bg7 5. Nf3 Na6 6. Bxa6 Qa5+ 7. Nc3 Qxa6 8. Qe2 Qxe2+ 9. Nxe2 h5 10. h3 Bf5 11. c3 O-O-O 12. O-O f6 13. Bf4 g5 14. Ng3 Be6 15. Bxg5 fxg5 16. Nxg5 Kd7 17. Nf5 Bxf5 18. Nf7 Nh6 19. Nxd8 Rxd8 20. f4 e6 21. Rf3 Ke7 22. Rg3 Kf7 23. Kf2 Be4 24. Rg5 h4 25. g3 hxg3+ 26. Rxg3 Nf5 27. Rg4 Rh8 28. h4 Nxh4 29. a4 Nf5 30. a5 Rh2+ 31. Kf1 Ne3+ 0-1

[Event "SW Autumn"]
[Site "?"]
[Date "2022.10.15"]
[Round "3"]
[White "Robinson, David"]
[Black "Bullen, Alex"]
[Result "0-1"]
[WhiteElo "1832"]
[BlackElo "2099"]
[PlyCount "54"]
[EventDate "2022.??.??"]

1. d4 d5 2. Nf3 Nf6 3. Bf4 c5 4. e3 Nc6 5. c3 Qb6 6. Qc1 Bf5 7. Be2 Rc8 8. dxc5 Qxc5 9. O-O Nb4 10. Nbd2 Nd3 11. Bxd3 Bxd3 12. Nb3 Qb6 13. Re1 e6 14. Ne5 Bg6 15. Qd1 Nh5 16. c4 Bb4 17. Re2 Rd8 18. c5 Bxc5 19. Nxc5 Qxc5 20. Rc1 Qb5 21. a4 Qb4 22. Rc7 Nxf4 23. exf4 O-O 24. g3 Bh5 25. g4 Bg6 26. Qc1 Qxa4 27. Rxb7 Qa6 0-1

[Event "SW Autumn"]
[Site "?"]
[Date "2022.10.15"]
[Round "1"]
[White "Robinson, David"]
[Black "Bagga, Khushi"]
[Result "1-0"]
[WhiteElo "1832"]
[BlackElo "1362"]
[PlyCount "59"]
[EventDate "2022.??.??"]

1. d4 d5 2. Nf3 e6 3. Bf4 c5 4. e3 Nf6 5. Nbd2 Nc6 6. c3 Bd6 7. Ne5 Qc7 8. Ndf3 Nd7 9. Nxd7 Bxd7 10. Bxd6 Qxd6 11. Bd3 b6 12. O-O O-O 13. Ng5 h6 14. Qh5 f5 15. Nh3 Be8 16. Qh4 Bf7 17. f4 Rfe8 18. g4 c4 19. Be2 Ne7 20. g5 Ng6 21. Qg3 Kh7 22. Kh1 Rg8 23. Rg1 Qd7 24. Rg2 Ne7 25. Rag1 Bg6 26. Qh4 Rh8 27. gxh6 gxh6 28. Ng5+ Kg7 29. Nf3 Rag8 30. Ne5 1-0

[Event "SW Autumn"]
[Site "?"]
[Date "2022.10.15"]
[Round "1"]
[White "Rose, Isaac"]
[Black "Westcott, Dale"]
[Result "1-0"]
[WhiteElo "1100"]
[BlackElo "1625"]
[PlyCount "81"]
[EventDate "2022.??.??"]

1. b3 d5 2. Bb2 Bf5 3. Nf3 e6 4. e3 Nf6 5. Nc3 c5 6. Bb5+ Nc6 7. Ne5 Qc7 8. Nxc6 bxc6 9. Be2 Be7 10. O-O O-O 11. h3 Rfd8 12. Bf3 d4 13. Ne2 dxe3 14. fxe3 Rab8 15. Nf4 c4 16. Re1 Bc5 17. Kh1 Bxe3 18. Nxe6 Bxe6 19. Rxe3 Qf4 20. Bxc6 Rb6 21. Bf3 Rbd6 22. Be5 Qxe3 23. Bxd6 Qg5 24. Bb4 Nd5 25. Ba5 Ne3 26. Bxd8 Qxd8 27. dxe3 Qh4 28. Kh2 g6 29. Qe2 Qg5 30. Re1 h5 31. e4 h4 32. Qf2 Qf4+ 33. Kh1 c3 34. Re3 g5 35. Kg1 f5 36. exf5 Bf7 37. Rxc3 Qxf5 38. Bg4 Qe5 39. Rc8+ Kg7 40. c3 Qe4 41. Qd4+ 1-0

[Event "SW Autumn"]
[Site "?"]
[Date "2022.10.15"]
[Round "2"]
[White "Scarpignato, Samuele"]
[Black "Robinson, David"]
[Result "0-1"]
[WhiteElo "1500"]
[BlackElo "1832"]
[PlyCount "130"]
[EventDate "2022.??.??"]

1. d4 Nf6 2. Bf4 d5 3. e3 Bf5 4. Nc3 c6 5. h3 e6 6. a3 Bd6 7. Nge2 Qc7 8. Qd2 Nbd7 9. Bxd6 Qxd6 10. g4 Bg6 11. Nf4 O-O-O 12. Nxg6 hxg6 13. Bg2 Nb6 14. b3 Rh4 15. a4 Rdh8 16. a5 Nbd7 17. g5 Ne8 18. Ne2 e5 19. O-O-O Qa3+ 20. Kb1 Nc7 21. Nc1 Rd8 22. Na2 Nb5 23. dxe5 Nxe5 24. f4 Nd7 25. Rdf1 Nc5 26. Qb4 Qxb4 27. Nxb4 Kc7 28. Nd3 Nxd3 29. cxd3 d4 30. e4 Nc3+ 31. Kc2 Ne2 32. Rf2 Nxf4 33. Bf1 Rd7 34. b4 Kd6 35. Rf3 Rc7 36. Kb3 c5 37. b5 Ke5 38. Rg1 b6 39. a6 Rc8 40. Kc4 Rd8 41. Rh1 f6 42. gxf6 gxf6 43. Rg3 g5 44. Rh2 Rh7 45. Rh1 Kd6 46. Rf3 Rh6 47. Rh2 Ke6 48. Rh1 Ke5 49. Rh2 g4 50. Rg3 Rg8 51. Be2 Nxe2 52. Rxe2 Rxh3 53. Rg1 g3 54. Reg2 Kf4 55. Kd5 Rgh8 56. Kc6 Rh2 57. Kb7 R8h7+ 58. Ka8 Rxg2 59. Rxg2 Kf3 60. Rg1 g2 61. e5 fxe5 62. Rc1 Rg7 63. Rxc5 bxc5 64. b6 axb6 65. a7 Rxa7+ 0-1

[Event "SW Autumn"]
[Site "?"]
[Date "2022.10.15"]
[Round "3"]
[White "Shelgaonkar, Yogesh"]
[Black "Duke, Dillan"]
[Result "1/2-1/2"]
[WhiteElo "1240"]
[BlackElo "1945"]
[PlyCount "68"]
[EventDate "2022.??.??"]

1. e4 e6 2. d4 d5 3. Nd2 dxe4 4. Nxe4 Nd7 5. Nf3 Ngf6 6. Bd3 Nxe4 7. Bxe4 Nf6 8. Bg5 Be7 9. Bd3 Nd5 10. Bxe7 Qxe7 11. Qd2 Qf6 12. O-O-O Qf4 13. Rhe1 O-O 14. Qxf4 Nxf4 15. Re4 Nxd3+ 16. Rxd3 b6 17. Rc3 Bb7 18. Ree3 Rac8 19. g3 Rfd8 20. Rcd3 Bxf3 21. Rxf3 Kf8 22. h4 Rd7 23. c3 Rcd8 24. Kc2 Ke7 25. b3 Rd5 26. a4 Rh5 27. c4 f6 28. Rfe3 c6 29. Re2 a5 30. Rde3 Rd6 31. Kc3 Kd7 32. Re4 Rf5 33. f4 h5 34. R2e3 Ke7 1/2-1/2

[Event "SW Autumn"]
[Site "?"]
[Date "2022.10.15"]
[Round "1"]
[White "Shelgaonkar, Yogesh"]
[Black "Davies, Callum"]
[Result "1-0"]
[WhiteElo "1240"]
[BlackElo "1760"]
[PlyCount "61"]
[EventDate "2022.??.??"]

1. e4 e5 2. Nf3 Nc6 3. Bc4 g6 4. d4 exd4 5. Nxd4 Bg7 6. Nxc6 bxc6 7. O-O d6 8. Nc3 Ne7 9. Re1 O-O 10. Be3 Be6 11. Bb3 a6 12. f4 Bxb3 13. axb3 f5 14. e5 g5 15. exd6 cxd6 16. fxg5 Ng6 17. Bd4 Qxg5 18. Bxg7 Nf4 19. Qf3 Kxg7 20. Ra4 Ng6 21. Qxc6 Qd2 22. Rf1 Qxc2 23. Qxd6 Qxb2 24. Qd4+ Kh6 25. Qe3+ Kg7 26. Rb4 f4 27. Rb7+ Rf7 28. Qd4+ Kf8 29. Rxf7+ Kxf7 30. Qd5+ Kg7 31. Nd1 1-0

[Event "SW Autumn"]
[Site "?"]
[Date "2022.10.15"]
[Round "1"]
[White "Smith, Ellison"]
[Black "Gibbs, Dominic"]
[Result "1/2-1/2"]
[WhiteElo "1420"]
[BlackElo "1845"]
[PlyCount "83"]
[EventDate "2022.??.??"]

1. e4 c5 2. c3 g6 3. d4 cxd4 4. cxd4 d5 5. Nc3 dxe4 6. Nxe4 Bg7 7. Nf3 Bg4 8. Bb5+ Nd7 9. O-O a6 10. Bc4 Ngf6 11. Nxf6+ Nxf6 12. Be3 O-O 13. h3 Rc8 14. Bxf7+ Rxf7 15. hxg4 Qb6 16. Ne5 Rff8 17. g5 Nd5 18. Nd7 Qxb2 19. Nxf8 Rxf8 20. Qb3 Qxb3 21. axb3 Kf7 22. Rac1 Ke6 23. Rc4 Kd6 24. Bd2 b5 25. Rc2 Bxd4 26. Ra2 Ra8 27. Rd1 Kc6 28. Kf1 Kb7 29. Ke2 Rf8 30. f3 e5 31. Rc2 Rf7 32. g3 Bb6 33. Rf1 Nc7 34. f4 exf4 35. gxf4 Ne6 36. Be3 Bxe3 37. Kxe3 Nxg5 38. Rh1 Ne6 39. Rh4 Kb6 40. b4 a5 41. bxa5+ Kxa5 42. Rc6 1/2-1/2

[Event "SW Autumn"]
[Site "?"]
[Date "2022.10.15"]
[Round "2"]
[White "Swamy, Anshul"]
[Black "Beeston, Darson"]
[Result "1/2-1/2"]
[WhiteElo "1360"]
[BlackElo "1100"]
[PlyCount "112"]
[EventDate "2022.??.??"]

1. e4 c6 2. d4 d5 3. e5 Bf5 4. Nf3 e6 5. Bd3 Bxd3 6. Qxd3 Nd7 7. O-O c5 8. c3 Ne7 9. dxc5 Qc7 10. Be3 Nf5 11. b4 Be7 12. Bf4 O-O 13. Re1 b6 14. cxb6 Nxb6 15. Nd4 Nxd4 16. Qxd4 Rac8 17. Re3 Qc4 18. Rd3 Qxd4 19. Rxd4 Rc4 20. a4 Rxd4 21. cxd4 Bxb4 22. Ra2 Rc8 23. g3 Rc4 24. Be3 Ba5 25. Nd2 Rxa4 26. Rxa4 Nxa4 27. Nb3 Bb6 28. Kf1 Nb2 29. Ke2 Nc4 30. Nc5 a5 31. Bc1 f6 32. exf6 gxf6 33. Nxe6 a4 34. Nc5 a3 35. Nb3 a2 36. Kd3 Na5 37. Na1 Kf7 38. Be3 Nc6 39. Kc3 Ba5+ 40. Kb3 Bb6 41. Kc3 Ke6 42. Nc2 Kf5 43. f3 Na5 44. Kb2 Nc4+ 45. Kxa2 Nxe3 46. Nxe3+ Ke6 47. Nc2 h5 48. h3 Kf5 49. Kb3 Bc7 50. Ne3+ Ke6 51. g4 hxg4 52. hxg4 Bf4 53. Nc2 f5 54. Nb4 fxg4 55. fxg4 Be3 56. Kc3 Kd6 1/2-1/2

[Event "SW Autumn"]
[Site "?"]
[Date "2022.10.15"]
[Round "1"]
[White "Swamy, Anshul"]
[Black "Thomas, Mark"]
[Result "0-1"]
[WhiteElo "1360"]
[BlackElo "1826"]
[PlyCount "34"]
[EventDate "2022.??.??"]

1. e4 g6 2. d4 Bg7 3. Nc3 d6 4. Be3 a6 5. Qd2 b5 6. a3 Nd7 7. Nf3 h6 8. h4 Bb7 9. Bd3 Rc8 10. b4 c5 11. bxc5 dxc5 12. e5 cxd4 13. Bxd4 Bxf3 14. gxf3 Nxe5 15. Be2 Nxf3+ 16. Bxf3 Qxd4 17. Qxd4 Bxd4 0-1

[Event "SW Autumn"]
[Site "?"]
[Date "2022.10.15"]
[Round "2"]
[White "Szakmany, Bence"]
[Black "Fowler, Hugo"]
[Result "0-1"]
[WhiteElo "1431"]
[BlackElo "1894"]
[PlyCount "58"]
[EventDate "2022.??.??"]

1. e4 e5 2. Nf3 Nc6 3. Bb5 a6 4. Ba4 Nf6 5. O-O b5 6. Bb3 Bc5 7. d3 d6 8. a4 Rb8 9. h3 h6 10. Nc3 O-O 11. Be3 Bb6 12. axb5 axb5 13. Nd5 Nxd5 14. exd5 Ne7 15. c4 Ng6 16. Qc2 Qf6 17. cxb5 Bxh3 18. Qe2 Bg4 19. Bxb6 Nh4 20. Bxc7 Nxf3+ 21. gxf3 Bxf3 22. Qxf3 Qxf3 23. Bxb8 Rxb8 24. Bc4 e4 25. dxe4 Re8 26. Rfe1 Re5 27. Ra3 Rg5+ 28. Kf1 Qh1+ 29. Ke2 Qxe4+ 0-1

[Event "SW Autumn"]
[Site "?"]
[Date "2022.10.15"]
[Round "2"]
[White "Timmins, Chris"]
[Black "Shelgaonkar, Yogesh"]
[Result "0-1"]
[WhiteElo "1881"]
[BlackElo "1240"]
[PlyCount "86"]
[EventDate "2022.??.??"]

1. d4 d5 2. Nf3 Nf6 3. Bg5 Ne4 4. Bh4 f6 5. e3 h5 6. h3 g5 7. Bg3 Nxg3 8. fxg3 Qd6 9. Kf2 Bf5 10. c4 dxc4 11. Bxc4 Nd7 12. Nc3 a6 13. a3 e5 14. Qe2 O-O-O 15. b4 Bh6 16. Rhd1 g4 17. Nh4 Bh7 18. Rac1 exd4 19. Rxd4 Qxd4 20. exd4 Bxc1 21. Be6 Rhe8 22. Qc4 Kb8 23. Nd5 c6 24. Qxc1 cxd5 25. Qf4+ Ka7 26. Bxd7 Rxd7 27. Nf5 Re4 28. Qc1 Bxf5 29. Qc5+ Kb8 30. Qf8+ Kc7 31. Qc5+ Kd8 32. Qf8+ Re8 33. Qxf6+ Ree7 34. Qh8+ Kc7 35. Qxh5 Be4 36. Kg1 gxh3 37. gxh3 Kb8 38. a4 Rc7 39. h4 Rc1+ 40. Kf2 Rec7 41. Qe5 Ka7 42. b5 Rf7+ 43. Ke3 Rf3+ 0-1

[Event "Sw Autumn"]
[Site "?"]
[Date "2022.10.15"]
[Round "1"]
[White "Turner, Joseph"]
[Black "Szakmany, Bence"]
[Result "1-0"]
[WhiteElo "1865"]
[BlackElo "1431"]
[PlyCount "77"]
[EventDate "2022.??.??"]

1. e4 e5 2. f4 exf4 3. Bc4 d6 4. d4 Nf6 5. Nc3 g6 6. Bxf4 Bg7 7. Nf3 O-O 8. O-O c5 9. dxc5 dxc5 10. Bd6 Re8 11. Bxc5 Qc7 12. Qd6 Na6 13. Qxc7 Nxc7 14. e5 Ng4 15. Nb5 Na6 16. Nd6 Be6 17. Bxa6 bxa6 18. Nxe8 Rxe8 19. Bd4 Bf5 20. c3 Nxe5 21. Nxe5 Bxe5 22. Bxe5 Rxe5 23. Rfe1 Rb5 24. b3 Rb7 25. Rad1 a5 26. Rd4 Rb5 27. c4 Rb7 28. g4 Be6 29. c5 Rc7 30. Rc1 Kf8 31. Kf2 Ke7 32. c6 Bc8 33. Kg3 Be6 34. Ra4 Bd5 35. Rxa5 Bxc6 36. Rac5 Kd6 37. b4 f5 38. b5 f4+ 39. Kf2 1-0

[Event "SW Autumn"]
[Site "?"]
[Date "2022.10.15"]
[Round "2"]
[White "Westcott, Dale"]
[Black "Hollyman, Michael"]
[Result "1-0"]
[WhiteElo "1625"]
[BlackElo "1437"]
[PlyCount "75"]
[EventDate "2022.??.??"]

1. d4 Nf6 2. Nc3 d5 3. Bf4 c5 4. e3 Nc6 5. Nb5 Qa5+ 6. c3 e5 7. dxe5 c4 8. Nd4 Nxd4 9. exd4 Nd7 10. Nf3 b5 11. a3 Nb6 12. g3 Na4 13. Qc1 Bf5 14. Be2 h6 15. O-O Be7 16. Re1 O-O-O 17. e6 Bxe6 18. Ne5 Qa6 19. Bf3 g5 20. Bd2 Rdg8 21. Bh5 Rf8 22. Qc2 Nb6 23. b3 Nd7 24. a4 Nxe5 25. axb5 Qb6 26. dxe5 f5 27. Be3 cxb3 28. Qb2 Qxb5 29. Rxa7 Bc5 30. Be2 Qb6 31. Ra6 Qc7 32. Bxc5 Qxc5 33. Rxe6 Kd7 34. Rd6+ Kc7 35. Qxb3 f4 36. Qxd5 Qxc3 37. Rd7+ Kc8 38. Qb7# 1-0

[Event "SW Autumn"]
[Site "?"]
[Date "2022.10.15"]
[Round "1"]
[White "Williams, Stephen"]
[Black "Bullen, Alex"]
[Result "0-1"]
[WhiteElo "1591"]
[BlackElo "2099"]
[PlyCount "68"]
[EventDate "2022.??.??"]

1. d4 Nf6 2. c4 e6 3. Nc3 d5 4. cxd5 exd5 5. Bg5 c6 6. e3 Qb6 7. Bxf6 Qxb2 8. Rc1 gxf6 9. Qc2 Qxc2 10. Rxc2 Bf5 11. Rb2 b5 12. Nge2 a5 13. Ng3 Bb4 14. Kd2 Be6 15. Bd3 Nd7 16. Nge2 Nb6 17. Kc2 Nc4 18. Bxc4 dxc4 19. Ne4 Ke7 20. N2g3 Rhg8 21. Ra1 f5 22. Nc3 Bxc3 23. Kxc3 b4+ 24. Kc2 Kd6 25. f4 h5 26. Kd1 h4 27. Nf1 Bd5 28. g3 Rg6 29. Rc2 Rh8 30. Rac1 c3 31. Rf2 hxg3 32. Nxg3 Rxg3 33. hxg3 Rh1+ 34. Kc2 Be4+ 0-1

[Event "SW Autumn"]
[Site "?"]
[Date "2022.10.15"]
[Round "2"]
[White "Wu, Yuxuan"]
[Black "Turner, Joseph"]
[Result "0-1"]
[WhiteElo "1531"]
[BlackElo "1865"]
[PlyCount "74"]
[EventDate "2022.??.??"]

1. d4 Nf6 2. c4 g6 3. Nc3 Bg7 4. e4 d6 5. Nf3 O-O 6. Be2 Na6 7. O-O e5 8. h3 exd4 9. Nxd4 Nc5 10. f3 Nh5 11. Be3 Ng3 12. Re1 Qh4 13. Bf2 Bxh3 14. gxh3 Qxh3 15. Bxg3 Qxg3+ 16. Kf1 Qh3+ 17. Kf2 Qh2+ 18. Kf1 Be5 19. f4 Qh1+ 20. Kf2 Qh4+ 21. Kg2 Bxf4 22. Bf3 Rae8 23. Nd5 Be5 24. Re3 c6 25. Nc3 Qg3+ 26. Kf1 Qh3+ 27. Ke1 f5 28. exf5 Bg3+ 29. Kd2 Bf4 30. fxg6 Rxe3 31. gxh7+ Kh8 32. Kc2 Rd3 33. Qg1 Rxf3 34. Nxf3 Qf5+ 35. Kd1 Qd3+ 36. Ke1 Re8+ 37. Kf2 Be3+ 0-1

[Event "SW Autumn"]
[Site "?"]
[Date "2022.10.15"]
[Round "3"]
[White "Ley, Cyril"]
[Black "Timmins, Chris"]
[Result "0-1"]
[WhiteElo "1567"]
[BlackElo "1881"]
[PlyCount "68"]

1. d4 d6 2. Bg5 c6 3. e4 Qa5+ 4. Bd2 Qc7 5. Nc3 Nd7 6. d5 g6 7. Nf3 Bg7 8. dxc6 bxc6 9. Bc4 Ngf6 10. Bf4 O-O 11. O-O Nb6 12. Bd3 e5 13. Bg3 h6 14. Nd2 g5 15. f3 Be6 16. a4 Nc8 17. Bf2 Ne7 18. Re1 Ng6 19. g3 Rfd8 20. Qe2 a5 21. Bc4 Rab8 22. b3 d5 23. exd5 cxd5 24. Nb5 Qd7 25. Bd3 e4 26. fxe4 dxe4 27. Nxe4 Nxe4 28. Bxe4 Bxa1 29. Rxa1 Qd2 30. Qf3 Ne5 31. Qh5 Ng4 32. Rf1 Nxf2 33. Rxf2 Qe1+ 34. Rf1 Qe3+ 0-1

[Event "SW Autumn"]
[Site "?"]
[Date "2022.10.15"]
[Round "3"]
[White "Macdonald, Duncan"]
[Black "Thomas, Mark"]
[Result "1/2-1/2"]
[WhiteElo "1537"]
[BlackElo "1826"]
[PlyCount "163"]

1. c4 g6 2. Nc3 Bg7 3. d4 d6 4. e4 Nf6 5. Nf3 O-O 6. h3 Nbd7 7. Be3 e5 8. d5 Nh5 9. g4 Nf4 10. Qd2 Re8 11. Bxf4 exf4 12. Qxf4 Nc5 13. Nd2 Qh4 14. O-O-O a6 15. Kb1 Bd7 16. Nf3 Qe7 17. Re1 Rab8 18. Nd2 b5 19. cxb5 axb5 20. Qe3 b4 21. Nd1 c6 22. Bc4 cxd5 23. Bxd5 Bb5 24. Bc4 Qd7 25. f4 Rbc8 26. Qf3 Qb7 27. Bd5 Qa6 28. f5 Bd3+ 29. Ka1 b3 30. Bxb3 Nxb3+ 31. Nxb3 Ra8 32. Nc1 Bc4 33. fxg6 hxg6 34. a3 Qxa3+ 35. Qxa3 Rxa3+ 36. Kb1 Ra5 37. Nc3 Ra6 38. Kc2 Rb8 39. Rd1 Rab6 40. Na4 Bb3+ 41. Nxb3 Rxb3 42. Rb1 Rg3 43. Rbg1 Rgb3 44. Rb1 R3b4 45. Nc3 Be5 46. Rhe1 Rc8 47. Kd3 Kg7 48. h4 Rh8 49. Rh1 Rhb8 50. Kc2 Rc8 51. Kd3 Rcb8 52. Kc2 Rc4 53. Kd3 Rbc8 54. Rbc1 d5 55. exd5 Rxg4 56. Kc2 Rh8 57. Rce1 Bg3 58. Reg1 f5 59. Ne2 Be5 60. Rxg4 fxg4 61. b4 Kh6 62. Kd3 Kh5 63. Ke4 Bd6 64. Nf4+ Bxf4 65. Kxf4 Rc8 66. Ke5 Rc4 67. d6 Rxb4 68. d7 Rb8 69. Ke6 g3 70. Ke7 Kg4 71. Rb1 Rxb1 72. d8=Q Re1+ 73. Kf6 g2 74. Qd7+ Kxh4 75. Qa4+ Kg3 76. Qb3+ Kf2 77. Qb2+ Re2 78. Qd4+ Kf1 79. Qd1+ Re1 80. Qd3+ Re2 81. Qd1+ Kf2 82. Qd4+ 1/2-1/2

[Event "SW Autumn"]
[Site "?"]
[Date "2022.10.15"]
[Round "3"]
[White "Quinn, Peter"]
[Black "Wu, Yuxuan"]
[Result "1-0"]
[WhiteElo "1659"]
[BlackElo "1531"]
[PlyCount "115"]

1. e4 c5 2. Nf3 d6 3. d4 cxd4 4. Nxd4 Nf6 5. Nc3 a6 6. Bg5 Nbd7 7. f4 Qc7 8. Qf3 h6 9. Bxf6 Nxf6 10. O-O-O Bd7 11. h3 Rc8 12. Bd3 g6 13. Rhe1 Bg7 14. e5 dxe5 15. fxe5 Nh7 16. e6 Bxd4 17. Qxf7+ Kd8 18. exd7 Qxd7 19. Bxg6 Ng5 20. Qd5 Qxd5 21. Nxd5 e5 22. Kb1 Rc5 23. Nb4 Kc7 24. h4 Rb5 25. c3 Bf2 26. hxg5 Bxe1 27. Rxe1 hxg5 28. a4 Ra5 29. b3 Rd8 30. Kc2 Rd6 31. Be4 b5 32. axb5 axb5 33. Rd1 Rxd1 34. Kxd1 Kd6 35. Ke2 Ra3 36. Bc2 Ra8 37. Kf3 Rc8 38. Na2 Rf8+ 39. Ke2 g4 40. Be4 g3 41. Kd3 Rf2 42. Nc1 Rf1 43. Ne2 Rb1 44. b4 Rd1+ 45. Ke3 Rf1 46. Nxg3 Rf8 47. Bf3 Rc8 48. Ne4+ Ke7 49. g4 Rg8 50. g5 Ke6 51. Be2 Rb8 52. Bg4+ Kd5 53. g6 Rb7 54. Be6+ Kc6 55. Bf7 Rb8 56. g7 Kb6 57. Nf6 e4 58. Nd7+ 1-0

[Event "SW Autumn"]
[Site "?"]
[Date "2022.10.15"]
[Round "3"]
[White "Davies, Andrew"]
[Black "Hurn, Robert"]
[Result "1/2-1/2"]
[WhiteElo "1124"]
[BlackElo "1630"]
[PlyCount "36"]

1. e4 c5 2. d4 cxd4 3. c3 Nf6 4. e5 Nd5 5. cxd4 d6 6. Nf3 Nc6 7. Bc4 dxe5 8. dxe5 Ndb4 9. Qxd8+ Nxd8 10. Bb3 Nd3+ 11. Kd2 Nxc1 12. Rxc1 Nc6 13. h3 Bf5 14. Nc3 a6 15. Ba4 Bd7 16. Nd5 Rc8 17. Nb6 Rc7 18. Nxd7 Kxd7 1/2-1/2